000 00512nam a2200205Ia 4500
003 GCL
008 140319s9999 xx 000 0 eng d
040 _aGCL /
_cGCL
082 0 4 _a338.7
_bB C
100 1 _aBOONE, LOUIS E
245 1 0 _aCONTEMPORRY BUSINESS /
_cBOONE, LOUIS E
700 1 _aKURTZ, D.L.
260 _a[S.N] :
_bTHE DRYDEN PRESS
650 0 4 _aENVIRONMENT
650 0 4 _aBUSINESS ETHICS
650 0 4 _aBUSINESS
650 0 4 _aSOCIAL SCIENCE
650 0 4 _aECONOMIC SYSTEMS
942 _2ddc
_cBK
999 _c16458
_d16458